Hodnotenie menovej a rozpočtovej politiky diplomová práca

Na minha lista:
Detalhes bibliográficos
Autor principal: Konevalová, Martina
Autor Corporativo: Národohospodárska fakulta EU. Katedra hospodárskej politiky
Outros Autores: Lukáčik, Ján
Formato: Livro
Idioma:eslovaco
Publicado em: Bratislava 2010
Tags: Adicionar Tag
Sem tags, seja o primeiro a adicionar uma tag!

MARC

LEADER 00000nam a2200000 4500
001 0120008
005 20240318122226.6
041 0 |a slo 
044 |a SK 
245 1 0 |a Hodnotenie menovej a rozpočtovej politiky  |b diplomová práca  |c Martina Konevalová ; škol. Ján Lukáčik 
264 1 |a Bratislava  |c 2010 
300 |a 61 s. 
100 1 |a Konevalová, Martina 
700 1 |a Lukáčik, Ján 
710 2 |a Národohospodárska fakulta EU. Katedra hospodárskej politiky